Countries by Dictator Map Quiz - Statistics

General Stats
  • This quiz has been taken 2,077 times
  • The average score is 17 of 22
Answers on the Map
Answers color-coded by a green-red scale on the quiz's map according to % correct below.
 
Answer Stats
Answer % Correct
Adolf Hitler
96%
Benito Mussolini
91%
Kim Jong-un
91%
Mao Zedong
91%
Fidel Castro
89%
Francisco Franco
86%
Saddam Hussein
85%
Muammar Gaddafi
82%
Pol Pot
81%
Bashar al-Assad
80%
Georgios Papadopoulos
80%
Hideki Tojo
78%
Wojciech Jaruzelski
74%
Nicolás Maduro
71%
Robert Mugabe
70%
Mobutu Sese Seko
69%
Saparmurat Niyazov
68%
Suharto
62%
Than Shwe
59%
Rafael Trujillo
57%
Ferdinand Marcos
55%
Alberto Fujimori
50%
No matching quizzes found
Score Distribution
Percent of People with Each Score
Percentile by Number Answered
Your Score History
You have not taken this quiz